000 01300nam a2200337Ia 4500
001 ebr2003709
003 CaPaEBR
006 m u
007 cr cn|||||||||
008 890831s1989 enka sb 001 0 eng d
010 _zgb 89022476
015 _aGB89-22476
020 _z0850664462 (pbk)
020 _z0850664705 (cased)
040 _aCaPaEBR
_cCaPaEBR
035 _a(OCoLC)614549786
050 1 4 _aRC425
_b.43 1989eb
082 0 4 _a616.85/52
_219
245 0 4 _aThe Characteristics of aphasia
_h[electronic resource] /
_cedited by Chris Code.
260 _aLondon ;
_aNew York :
_bTaylor & Francis,
_c1989.
300 _axii, 212 p. :
_bill.
490 1 _aBrain damage, behaviour and cognition. Developments in clinical neuropsychology
504 _aIncludes bibliographies and index.
533 _aElectronic reproduction.
_bPalo Alto, Calif. :
_cebrary,
_d2013.
_nAvailable via World Wide Web.
_nAccess may be limited to ebrary affiliated libraries.
650 0 _aAphasia.
655 7 _aElectronic books.
_2local
700 1 _aCode, Christopher,
_d1942-
710 2 _aebrary, Inc.
830 0 _aBrain damage, behaviour, and cognition.
856 4 0 _uhttp://site.ebrary.com/lib/rucke/Doc?id=2003709
_zAn electronic book accessible through the World Wide Web; click to view
999 _c123608
_d123608